| 000 | 00645nam a2200157 4500 | ||
|---|---|---|---|
| 999 |
_c16366 _d16366 |
||
| 008 | 220118b ||||| |||| 00| 0 eng d | ||
| 022 | _a0893-8989 | ||
| 082 | _aDPer 363.205 P75 Sept 2013-May 2016 v. 37 & 40, n. 9-11/1-5 | ||
| 100 |
_aAdler, Jon. _943818 |
||
| 245 |
_aAdding insult to injury: _bfederal officers disabled in the line of duty are being characterized as scammers by some senators/ _cJon Adler. |
||
| 260 |
_aCalifornia: _bBobit Business Media, _c©Sept 2013-May 2016. |
||
| 300 |
_av37 n9, pages 60-61; _billustrations; _c27 cm. |
||
| 500 | _aPolice: the law enforcement magazine. | ||
| 650 |
_aPolice _943819 |
||
| 942 |
_2ddc _cPER |
||